La cadena invisible : (Registro nro. 5040)

Detalles MARC
000 -LEADER
fixed length control field 01648nam a2200313Ia 4500
003 - CONTROL NUMBER IDENTIFIER
control field OSt
005 - DATE AND TIME OF LATEST TRANSACTION
control field 20200701201507.0
008 - FIXED-LENGTH DATA ELEMENTS--GENERAL INFORMATION
fixed length control field 191128s2011 mx gr 000 0dspa d
020 ## - INTERNATIONAL STANDARD BOOK NUMBER
International Standard Book Number 9786071606068
040 ## - CATALOGING SOURCE
Original cataloging agency CO-JMCR
Transcribing agency CO-JMCR
041 0# - LANGUAGE CODE
Language code of text/sound track or separate title spa
082 04 - DEWEY DECIMAL CLASSIFICATION NUMBER
Classification number 330.36 /
Item number D871c
Edition number 23
100 1# - MAIN ENTRY--PERSONAL NAME
Personal name Durand, Jean Pierre,
Relator term autor
9 (RLIN) 6430
245 13 - TITLE STATEMENT
Title La cadena invisible :
Remainder of title flujo tenso y servidumbre voluntaria /
Statement of responsibility, etc. Jean-Pierre Durand ; presentación Enrique de la Garza Toledo
250 ## - EDITION STATEMENT
Edition statement Primera edición
260 ## - PUBLICATION, DISTRIBUTION, ETC.
Place of publication, distribution, etc. México :
Name of publisher, distributor, etc. Fondo de Cultura Económica : Universidad Autónoma Metropolitana,
Date of publication, distribution, etc. 2011
300 ## - PHYSICAL DESCRIPTION
Extent 314 páginas ;
Dimensions 21 cm.
490 0# - SERIES STATEMENT
Series statement Obras de sociología
504 ## - BIBLIOGRAPHY, ETC. NOTE
Bibliography, etc. note Incluye bibliografía páginas 305-315.
505 0# - FORMATTED CONTENTS NOTE
Formatted contents note Reformas estructurales de la empresa : integración reticular y flujo tenso -- El trabajo con restricción de tiempo -- De la calificación a las competencias : evaluación de los comportamientos -- Flujo tenso y movilización de los trabajadores
520 0# - SUMMARY, ETC.
Summary, etc. Durante los últimos años el mundo del trabajo se ha modificado profundamente. En el contexto de la globalización económica la precariedad de las ocupaciones, la inestabilidad de la mano de obra, los contratos inciertos y la exigencia de calidad.
650 14 - SUBJECT ADDED ENTRY--TOPICAL TERM
Topical term or geographic name entry element Aspectos sociales
General subdivision Empleados
Geographic subdivision Europa
9 (RLIN) 6431
650 24 - SUBJECT ADDED ENTRY--TOPICAL TERM
Topical term or geographic name entry element Efecto de las innovaciones tecnológicas
General subdivision Europa
9 (RLIN) 6432
650 24 - SUBJECT ADDED ENTRY--TOPICAL TERM
Topical term or geographic name entry element Administración de empresas
General subdivision Europa
9 (RLIN) 6433
650 24 - SUBJECT ADDED ENTRY--TOPICAL TERM
Topical term or geographic name entry element Movilidad laboral
General subdivision Europa
9 (RLIN) 6434
650 24 - SUBJECT ADDED ENTRY--TOPICAL TERM
Topical term or geographic name entry element Sociología industrial --
General subdivision Europa
9 (RLIN) 6435
700 1# - ADDED ENTRY--PERSONAL NAME
Personal name Garza Toledo de la, Enrique,
Relator term presentación
9 (RLIN) 6436
942 ## - ADDED ENTRY ELEMENTS (KOHA)
Source of classification or shelving scheme Dewey Decimal Classification
Koha item type Books
Existencias
Withdrawn status Lost status Source of classification or shelving scheme Materials specified (bound volume or other part) Damaged status Not for loan Home library Current library Shelving location Date acquired Source of acquisition Cost, normal purchase price Total Checkouts Full call number Barcode Date last seen Copy number Price effective from Koha item type
    Dewey Decimal Classification Donación--15/04/2018--     Biblioteca Pública José María del Castillo y Rada Biblioteca Pública José María del Castillo y Rada General Stacks 11/28/2019 Donación 0.00   330.36 / D871c 430001187 05/16/2024 Ej.1 11/28/2019 Books